| 000 | 00454nam a22001697a 4500 | ||
|---|---|---|---|
| 003 | NUST - PNEC | ||
| 005 | 20170116180943.0 | ||
| 008 | 150906b xxu||||| |||| 00| 0 eng d | ||
| 040 | _cLIBRRAY | ||
| 082 | _a621.3 JOR | ||
| 100 |
_915259 _aJordan, Edward C. |
||
| 245 |
_aElectromegnetic waves and radiating systems _cEdward C. Jordan |
||
| 250 | _a2nd ed. | ||
| 260 | _cc1950. | ||
| 650 |
_xEL _915260 _aEngineering electromagnetic |
||
| 942 |
_2ddc _cBK |
||
| 999 |
_c66206 _d66206 |
||